000 00649nam a2200205Ia 4500
005 20250507130353.0
008 008 250505s9999 xx 000 0 eng d
020 _a3-8050-0543-2
037 _aAnnuals, Advances
040 _aEASL
_beng
_cEASL
041 _aeng
_2eng
084 _aO41,3J28, 111P7.2
_qEASL
100 _aZurcher Erik Tr.
245 0 _aKouduo richao Li Jiubiao's Diary of oral admonitions
260 _aItaly
_bBrescia Institut monumenta serica
_c2007
300 _a621-862p.
490 _aMonumenta Serica Monograph Series
942 _cTEXL
_hO41,3J28, 111P7.2
999 _c1319292
_d1319292